000 00689nam a22001937a 4500
999 _c185927
_d185927
005 20220211102401.0
010 _aENG-131521
020 _a9789380935928
_c610.00
035 _aEN-115053
037 _bDBAD
082 _a016.8915511
100 _aQasemi, Sharif Husain
245 _aA Descriptive Catalogue of The Manuscripts and Editions of Maulana Rums:
_bWorks in India/
_cSharif Husain Qasemi, Ramesh C. Gaur
260 _aNew Delhi
_bIndira Gandhi National Centre for the Arts
_c2018
270 _a11, Man Singh Road
_bNew Delhi
_e110001
300 _a192p.
_bBibliography, Picture
_c26cm(hbk)
700 _aGaur, Ramesh C.
942 _2ddc
_cEN
_h016.8915511
_mQAS